Development of a web platform for alumni networking and blood donation management (Record no. 45653)

000 -LEADER
fixed length control field 00510nam a22001697a 4500
001 - CONTROL NUMBER
control field 45653
003 - CONTROL NUMBER IDENTIFIER
control field BD-DhUET
008 - FIXED-LENGTH DATA ELEMENTS--GENERAL INFORMATION
fixed length control field 260418b xxu||||| |||| 00| 0 eng d
040 ## - CATALOGING SOURCE
Transcribing agency 0
Modifying agency BD-DhUET
100 ## - MAIN ENTRY--PERSONAL NAME
Personal name Biswas, Anando Kumar
245 ## - TITLE STATEMENT
Title Development of a web platform for alumni networking and blood donation management
260 ## - PUBLICATION, DISTRIBUTION, ETC. (IMPRINT)
Place of publication, distribution, etc. Dhaka
Name of publisher, distributor, etc. Institute of Information and Communication Technology, BUET
Date of publication, distribution, etc. 2025
300 ## - PHYSICAL DESCRIPTION
Extent xi, 48p.
501 ## - WITH NOTE
With note One CD-ROM
504 ## - BIBLIOGRAPHY, ETC. NOTE
Bibliography, etc Includes bibliographies
942 ## - ADDED ENTRY ELEMENTS (KOHA)
Koha item type Thesis
Holdings
Price effective from Date acquired Koha item type Not for loan Shelving location Damaged status Copy number Lost status Piece designation (barcode) Sublocation or collection (holding branch) Withdrawn status Koha date last seen Source of classification or shelving scheme Location (home branch)
2026-04-182026-04-18Thesis Acquisition section 1 121015Central Library, BUET 2026-04-18 Central Library, BUET